Countries and Territories I have visited by year - Statistics

General Stats
  • This quiz has been taken 61 times
    11 since last reset
  • The average score is 22 of 25
Answer Stats
Year Country % Correct
2018 Austria
100%
2012 Belgium
100%
Born England
100%
2023 France
100%
2011 Germany
100%
2010 Ireland
100%
2017 Italy
100%
2024 Netherlands
100%
2017 Portugal
100%
2013 Spain
100%
2012 Sweden
100%
2011 Switzerland
100%
2012 Denmark
91%
2024 Egypt
91%
2022 Finland
91%
2015 Iceland
91%
2016 Poland
91%
2016 Czechia
82%
2024 Latvia
82%
2018 Romania
82%
2022 Estonia
73%
2009 Scotland
73%
2004 Wales
73%
2025 Georgia
64%
2023 Andorra
55%
No matching quizzes found
Score Distribution
Percent of People with Each Score
Percentile by Number Answered
Your Score History
You have not taken this quiz since the last reset